000 00312nam a22001337a 4500
008 170201b xxu||||| |||| 00| 0 eng d
020 _a9781439055854
041 _aeng
080 _a61
100 _a3
101 _aSHM
245 _aTHE TOTAL PRACTICEMENAGEMENT WORKBOOK E MEDSYS
_cBRASIN G.A
942 _2udc
_cBK
999 _c4177
_d4177